[Event "AUTO-OPEN-2727"]
[Site "http://www.queenalice.com/game.php?id=1077287"]
[Date "2012.6.28"]
[Round "1"]
[White "ALKI"]
[Black "Cristianpaez94"]
[Result "1-0"]
[WhiteElo "1936"]
[BlackElo "915"]

1. e4 e5 2. Bc4 Qf6 3. Nf3 Bc5 4. d3 g5 5. Bxg5 Qg6 6. O-O f6 7. Be3 d5 8. Bxd5
Bh3 9. Nh4 Bxe3 10. Nxg6 hxg6 11. fxe3 Rh4 12. gxh3 c6 13. Bxg8 Rxh3 14. Qg4 Rh8
15. Qe6+ Kd8 16. Rxf6 Kc7 17. Qxe5+ Kb6 18. Qd4+ 1-0

[Event "AUTO-OPEN-2727"]
[Site "http://www.queenalice.com/game.php?id=1077288"]
[Date "2012.6.28"]
[Round "1"]
[White "Cristianpaez94"]
[Black "ALKI"]
[Result "0-1"]
[WhiteElo "917"]
[BlackElo "1934"]

1. e4 e5 2. Nh3 Nf6 3. Qf3 Bc5 4. Bc4 O-O 5. d3 d6 6. b3 Nc6 7. Ng5 Bg4 8. Qg3
Nd4 9. Na3 Bxa3 10. f3 Bd7 11. Bxa3 Nxc2+ 12. Ke2 Nxa3 13. Bd5 c6 14. Bxf7+ Rxf7
15. Nxf7 Kxf7 16. h4 Nh5 17. Qh2 Nf4+ 0-1

[Event "AUTO-OPEN-2727"]
[Site "http://www.queenalice.com/game.php?id=1077315"]
[Date "2012.6.28"]
[Round "1"]
[White "Cristianpaez94"]
[Black "Slazenger"]
[Result "0-1"]
[WhiteElo "994"]
[BlackElo "1652"]

1. e4 c5 2. Bc4 e6 3. Nh3 d5 4. Bf1 dxe4 5. Ng5 Qd5 6. d3 exd3 7. cxd3 h6 8. Nc3
Qe5+ 9. Be2 hxg5 10. Ne4 Nc6 11. a4 Rxh2 0-1

[Event "AUTO-OPEN-2727"]
[Site "http://www.queenalice.com/game.php?id=1077316"]
[Date "2012.6.28"]
[Round "1"]
[White "Slazenger"]
[Black "Cristianpaez94"]
[Result "1-0"]
[WhiteElo "1654"]
[BlackElo "994"]

1. e4 e5 2. Nf3 g6 3. d3 Bc5 4. d4 Bb6 5. Nxe5 Qf6 6. c3 Nc6 7. Nxc6 dxc6 8. Be3
h5 9. h4 Bg4 10. f3 Be6 11. e5 Qe7 12. b3 1-0

[Event "AUTO-BEG-547"]
[Site "http://www.queenalice.com/game.php?id=1077481"]
[Date "2012.6.29"]
[Round "1"]
[White "tomazkesvas"]
[Black "Cristianpaez94"]
[Result "1-0"]
[WhiteElo "1104"]
[BlackElo "943"]

1. d4 d5 2. c4 Qd6 3. e3 g6 4. c5 Qf6 5. Qf3 c6 6. Qxf6 Nxf6 7. Bd3 Ne4 8. Bxe4
dxe4 9. Ne2 Bg4 10. Nbc3 f5 11. h3 Bh5 12. Ng3 e5 13. Nxh5 gxh5 14. O-O b6 15.
cxb6 axb6 16. dxe5 Nd7 17. f4 c5 18. Nb5 Ra5 19. a4 c4 20. Bd2 Ra6 21. Nc7+ Kd8
22. Nxa6 Rg8 23. Rfd1 Ke8 24. a5 Rg3 25. axb6 Nxb6 26. Kf2 Rg7 27. Ba5 Nc8 28.
Rd8+ Ke7 29. Rxc8 h4 30. Rc7+ Ke8 31. Rxg7 Bxg7 32. Rc1 Bf8 33. Rxc4 Ke7 34. b4
Ke6 35. b5 Kd7 36. b6 1-0

[Event "AUTO-BEG-547"]
[Site "http://www.queenalice.com/game.php?id=1077482"]
[Date "2012.6.29"]
[Round "1"]
[White "Cristianpaez94"]
[Black "tomazkesvas"]
[Result "0-1"]
[WhiteElo "962"]
[BlackElo "1090"]

1. e4 e5 2. Nf3 Nc6 3. Qe2 d6 4. h4 Nb4 5. Qb5+ Nc6 6. d3 a6 7. Qb3 b6 8. Ng5
Qf6 9. Nf3 Nd4 10. Nxd4 exd4 11. Bg5 Qe6 12. Qa4+ Bd7 13. Qxd4 c5 14. Qd5 Qxd5
15. exd5 f6 16. Bf4 O-O-O 17. d4 Kb7 18. c3 cxd4 19. cxd4 Bb5 20. Nc3 Bxf1 21.
Rxf1 Ne7 22. a4 Nf5 23. Rh1 Nxd4 24. a5 Nc2+ 25. Ke2 Nxa1 26. Rxa1 b5 27. Be3
Re8 28. Ne4 Rxe4 29. h5 f5 30. Rc1 g5 31. Rc6 Rb4 32. Bb6 Re4+ 33. Kd3 Bg7 0-1

[Event "AUTO-BEG-547"]
[Site "http://www.queenalice.com/game.php?id=1077497"]
[Date "2012.6.29"]
[Round "1"]
[White "Cristianpaez94"]
[Black "MrDJRVD"]
[Result "0-1"]
[WhiteElo "929"]
[BlackElo "1553"]

1. e4 c5 2. Nf3 d6 3. Bc4 g6 4. Bd5 Bg7 5. Ng5 e6 6. Qf3 Qxg5 7. h4 Qe7 8. Bb3
Nf6 9. d3 O-O 10. Be3 Nxe4 11. dxe4 Bxb2 12. c3 Bxa1 13. Bf4 e5 14. Bg5 Qd7 15.
Bh6 Qe7 16. Bxf8 Qxf8 17. h5 Nd7 18. hxg6 hxg6 19. Qh3 Qg7 20. g4 Nf6 21. Bd1
Be6 22. Ba4 Nxe4 23. Nd2 Ng5 24. Qh4 f6 25. Ne4 Nf3+ 26. Kf1 Nxh4 27. Rxh4 d5
28. Nxc5 Bf7 29. Nd7 Bxc3 30. Ke2 d4 31. g5 fxg5 32. Re4 Bc4+ 0-1

[Event "AUTO-BEG-547"]
[Site "http://www.queenalice.com/game.php?id=1077498"]
[Date "2012.6.29"]
[Round "1"]
[White "MrDJRVD"]
[Black "Cristianpaez94"]
[Result "1-0"]
[WhiteElo "1551"]
[BlackElo "929"]

1. d4 d5 2. c4 dxc4 3. e3 Qd5 4. Nc3 Qf5 5. Bxc4 Be6 6. Qb3 b6 7. Bxe6 fxe6 8.
Nf3 Nc6 9. O-O g6 10. Qb5 Qxb5 11. Nxb5 O-O-O 12. b3 Nf6 13. Bb2 Ng4 14. Na3 e5
15. dxe5 e6 16. Nc4 Bb4 17. Rfd1 Rxd1+ 18. Rxd1 Nd8 19. Rd4 Nh6 20. Nxb6+ axb6
21. Rxb4 Nc6 22. Ng5 Nxb4 23. Nxe6 Nd3 24. Bd4 Re8 25. Ng7 Rd8 26. g3 Ng4 27. f4
c5 28. Bc3 Nc1 29. Ba1 Nxe3 30. e6 Rd2 31. e7 Rg2+ 32. Kh1 1-0

[Event "AUTO-OPEN-2728"]
[Site "http://www.queenalice.com/game.php?id=1077649"]
[Date "2012.6.29"]
[Round "1"]
[White "Cristianpaez94"]
[Black "SAMOEL"]
[Result "0-1"]
[WhiteElo "962"]
[BlackElo "1972"]

1. e4 e5 2. Nf3 d6 3. d4 Bg4 4. h3 Bh5 5. g4 Bg6 6. Bd3 h6 7. g5 Be7 8. h4 hxg5
9. Ke2 gxh4 10. dxe5 Bh5 11. Nc3 dxe5 12. Bb5+ Nd7 13. Ke1 c6 14. Bc4 Nc5 0-1

[Event "AUTO-OPEN-2728"]
[Site "http://www.queenalice.com/game.php?id=1077672"]
[Date "2012.6.29"]
[Round "1"]
[White "clovis"]
[Black "Cristianpaez94"]
[Result "1-0"]
[WhiteElo "1988"]
[BlackElo "929"]

1. e4 e5 2. Nf3 d6 3. Bc4 d5 4. Bxd5 Bc5 5. Nxe5 Qd6 6. Nxf7 Qf6 7. O-O g6 8. d3
c6 9. Bb3 Nh6 10. Bxh6 Bh3 11. Nxh8 Qxh8 12. gxh3 Qxb2 13. Nd2 Nd7 14. Qf3 1-0

[Event "AUTO-OPEN-2728"]
[Site "http://www.queenalice.com/game.php?id=1077673"]
[Date "2012.6.29"]
[Round "1"]
[White "Cristianpaez94"]
[Black "clovis"]
[Result "0-1"]
[WhiteElo "929"]
[BlackElo "1990"]

1. e4 e5 2. Nf3 Nc6 3. d3 Bc5 4. Be3 Bxe3 5. fxe3 Nf6 6. Ng5 d5 7. exd5 Nxd5 8.
h4 Nxe3 9. Qf3 Nf5 10. Qh5 g6 11. Qe2 Nxh4 12. Qf2 Qxg5 13. Rxh4 Bg4 14. Rxg4
Qc1+ 0-1

[Event "AUTO-OPEN-2728"]
[Site "http://www.queenalice.com/game.php?id=1077688"]
[Date "2012.6.29"]
[Round "1"]
[White "Cristianpaez94"]
[Black "Shydo"]
[Result "0-1"]
[WhiteElo "929"]
[BlackElo "1744"]

1. e4 e5 2. Nf3 d6 3. h3 Nf6 4. d3 h6 5. c3 Nc6 6. d4 exd4 7. cxd4 Be7 8. d5 Ne5
9. Nc3 c6 10. b4 O-O 11. Nxe5 dxe5 12. a3 cxd5 13. Nxd5 Nxd5 14. exd5 Re8 15.
Qf3 e4 16. Qh5 Bg5 17. Bxg5 Qxg5 18. Qd1 e3 19. d6 exf2+ 0-1

[Event "AUTO-OPEN-2728"]
[Site "http://www.queenalice.com/game.php?id=1077689"]
[Date "2012.6.29"]
[Round "1"]
[White "Shydo"]
[Black "Cristianpaez94"]
[Result "1-0"]
[WhiteElo "1712"]
[BlackElo "994"]

1. e4 e5 2. Nf3 Qf6 3. Bc4 Nc6 4. O-O Na5 5. d3 Nxc4 6. dxc4 d6 7. h3 Qg6 8. Nc3
Bxh3 9. g3 Be7 10. Re1 f5 11. exf5 Qxf5 12. Be3 e4 13. Nd2 Bg5 14. Ncxe4 1-0